| 000 | nam a22 7a 4500 | ||
|---|---|---|---|
| 999 |
_c29481 _d29480 |
||
| 003 | OSt | ||
| 005 | 20170618190334.0 | ||
| 008 | 170618b xxu||||| |||| 00| 0 eng d | ||
| 020 | _a9780374532338 | ||
| 040 |
_aMMU _beng _cMMU |
||
| 050 |
_aTR 642 _b.B3713 2010 |
||
| 245 |
_aCamera Lucida : _bReflections on photography / _cRoland Barthes |
||
| 260 |
_aUS: _bHill and Wang, _c2010. |
||
| 300 |
_axix, 119p. : _bill. |
||
| 650 |
_aphotography _9482 |
||
| 942 |
_2lcc _cLOAN LOAN |
||